00979cas a22003137a 450000500170000000800410001701000100005801100100006802200140007803500100009224500510010226000580015330000070021131000120021836200190023059000410024959000410029059000410033159000420037265000520041465000580046686600210052486600220054586600200056786600340058790100070062190500200062899900170064820220329142023.0040399d1906 us mr p rnn 0 0b1eng d a77166 a78138 a0002-9769 a8799000aALA Bulletinc/by American Library Association0 aChicago, Ill. :bAmerican Library Association,c1906- av. aMensual av.63 n.1, 1969 aBATCH-UPDb10c20130110lUCH01h0710 aBATCH-UPDb10c20130410lUCH01h0356 aBATCH-UPDb10c20130914lUCH01h0623 aCONVERSIONb10c20130109lUCH01h134214aBibliotecasxPublicaciones periódicas.91253014aBiblioteconomíaxPublicaciones periódicas.912581 av.52 n.11 (1958) av.57 n.8-9 (1963) av.60 n.6 (1966) av.60 n.8-v.63 n.4 (1966-1969) aSE aSusana Ojeda T. c77166d77166